000 00665nam a2200193 a 4500
003 0
005 20250311161916.0
008 090709s19uu xx 00 eng d
050 _aPHS LB 1025.3
_b.Y94 2009
100 _aYu, Jeong Hwa.
245 _aTeaching styles of upper school and lower school teachers /
_cJeong Hwa Yu.
260 _aLas PiƱas City, Philippines :
_bSouthville International School and Colleges,
_c2009.
300 _a41 pages :
_billustrations ;
_c28 cm.
504 _aIncludes bibliographical references.
650 _aTeaching.
650 _aTeachers
_xProfessional relationships.
650 _aTeaching
_xMethodology.
942 _2lcc
_cPASS
999 _c98284
_d98284